MDQL
is popping MORE tags! Check the
thread
!
Quizzes
Events
Quiz Creation
Community
Videos
Private Events
Remove Ads
Sign In
Join for FREE
Feedback
Dark Mode
Quiz Categories
Sports
Geography
Music
Movies
Television
Just For Fun
Miscellaneous
History
Literature
Language
Science
Gaming
Entertainment
Religion
Holiday
For Kids
Quiz Lab
Recent
Popular Today
Quiz Kudos Today
Editor Picks
Curator Picks
Quizzes by...
Day
Popularity
Type
Ratings
Length
Year
Community
Subscriptions
Recent Discussions
Orange Saloon
Badges
Playlists
Quests
Create
Leaderboards
Showdown
Live 5
Trivia Bingo
Activity
Puzzle Library
Sporcle Events
Private Events
Virtual Trivia
Globe League
Become a Host
Pub Owners
SporcleCon
Opinionation
Our Games
Videos
Blog
Mobile Apps
Partnerships
Remove Ads and Go Orange
Feedback
Television
TV Characters
TV Show
Sitcom
Network
Friends
Reality Shows
Cast
South Park
Star Trek
The Simpsons
Doctor Who
Television
TV Characters
TV Show
Sitcom
Network
Friends
Reality Shows
Cast
South Park
Star Trek
The Simpsons
Doctor Who
Random Quiz
Search Sporcle
×
Quiz Lab
Quiz Lab
Television
house
Type in answers that appear in a list
Type in answers that appear in a list
Classic
Best Score? Go Orange.
Ultimate Full House Trivia Stats
Can you name the Ultimate Full House Trivia?
By
MrWhale
10m
40 Questions
5,457 Plays
5,457 Plays
5,457 Plays
Comments
Comments
Give Quiz Kudos
Give Quiz Kudos
-
- Ratings
hide this ad
Random Order
Randomize order of answers
Randomize order of answers
Replay
Link that replays current quiz
Next Quiz
Link to next quiz in quiz playlist
You Got
0%
They Got
Avg Score
60%
Avg Friend Score
Upgrade to see
Score Distribution
Jump to the score distribution portion of the page
Score
0/40
Timer
10:00
0
Plays Today
Questions
Answers
% Correct
Who is the comedian?
Joey
82.9%
Who dropped out of high school and went back to earn their diploma?
Jesse
81.9%
Nicky and Alex were born on the day Michelle turned which age?
Five
81.7%
Who was DJ's boyfriend who was always eating?
Steve
81.5%
Who goes crazy over cake and ice cream?
Michelle
79%
Stephanie's catchphrase is . . . ?
How Rude!
77.8%
How many people are living in the Tanner house by the end of the show? (Counting a pet)
Ten
77.5%
How old was DJ when the show ended?
Eighteen
76.9%
Who loves to hug?
Danny
76.4%
Who drove Joey's car into the kitchen?
Stephanie
76.3%
Michelle's catchphrase is . . . ?
You got it dude!
74.4%
How did Pam die?
She was hit by a drunk driver.
71.8%
How old was Stephanie when the show ended?
Thirteen
71.7%
Who was rejected by every college in California?
Kimmy
71.5%
Who were partners in advertising?
Jesse and Joey
71%
In what season is the cause of Pam's death revealed?
Season Eight
70.9%
What show do Danny and Becky co-
host?
Wake Up San Francisco!
69.8%
Who is Michelle's best friend?
Teddy
69.7%
Michelle suffers what after falling off her horse?
Amnesia
68.1%
Where do Jesse and Becky live after they are married?
The Attic
67.9%
Questions
Answers
% Correct
Where is Becky originally from?
Nebraska
67.2%
Where do the Tanners live?
San Francisco
67.1%
What is Stephanie's middle name?
Judith
66.4%
Where do many of Jesse's relatives live?
Greece
64.6%
What is the name of Jesse's club?
The Smash Club
62.8%
What is Michelle's middle name?
Elizabeth
58.6%
Where did Danny propose to Vicky?
Disney World
57.9%
Who is older Stephanie's best friend?
Gia
53.6%
What is Comet's mother's name?
Minnie
53.6%
Which school is DJ's top choice for college?
Stanford
50.7%
Who did young Stephanie 'marry'?
Harry
48.4%
How old was Michelle when the show began?
Nine Months
43.7%
Kimmy runs away to Reno to marry who?
Duane
43.6%
Who was DJ's first kiss?
Kevin
37.8%
What is the name of Danny's car that gets driven into the bay?
Bullet
30.4%
What is DJ's full name?
Donna Jo Margaret
25.7%
What is Kimmy's middle name?
Louise
23.9%
What is Joey's favorite childhood snack?
Vanilla Weasels
23.6%
What does Danny name his boat?
Papouli
20.2%
What is the name of Jesse and Joey's radio show?
Rush Hour Rengades
11.2%
Quiz Playlist
Details
Report
Send in Message
Add To Playlist
Classic:
Type in answers that appear in a list
Random Order:
Randomize order of answers
Last Updated: Feb 16, 2017
Quiz Scoreboard
CHALLENGE
Sign Up to Join the Scoreboard
Show All
Scores
Hide
Comments
May contain spoilers
Recently Published
Street Fighter Characters
by Artimus82
Gaming
60s
9x9 Crossword: Cartoon Network
by jackfrog10
Miscellaneous
3m
College Basketball Coaching Resumes
by pancakes188
Sports
9m
More to Explore
Quiz From the Vault
Featured Blog Post
Where Did the Easter Bunny Come From?
hide this ad
You Might Also Like...
Tags
full
house
ultimate
Today's Top Quizzes in Television
Browse Television
hide this ad
Today's Top Quizzes in house
Browse house
Top Contributed Quizzes in Television
1
5-to-1: The Simpsons Families
2
5-to-1: Television Doctors
3
Adjectives in 80s TV Shows
4
Adjectives in 00s TV Shows
5
7-to-1: TV Show Settings
6
Adjectives in 10s TV Shows
7
Survivor Journey Challenge
8
5-to-1: Streaming Originals
9
Survivor Seasons
10
One Piece Logic Puzzle
Explore More
Trending Topics
Anime
Disney
Marvel
Crossword
Harry Potter
NBA
Kpop
The Office
Song
Pokémon
WWE
Puzzle
NFL
Country
Soccer
hide this ad
More By:
MrWhale
Quiz
Plays
Rating
Category
Featured
Created
Ultimate Full House Trivia
5,457
2.57
Television
May 1, 2010
Go to Creator's Profile
Score Distribution
Quiz Creator Spotlight
MrWhale
Follow
Send a Message
Quizzes Created
-
Created Quiz Play Count
-
More By This Creator
Popular Quizzes Today
1
Find the US States - No Outlines Minefield
2
Find the Countries of Europe - No Outlines Minefield
3
The Countries of the World
4
Find the US States
5
Risky Map Clicking: Biggest States A-Z
6
US States
7
Popular People in 1961
8
Movies - When Are They Set?
More Television Quizzes
Characters in Every Game of Thrones Season
Curator's Pick
Trending Quizzes
Risky Map Clicking: Least Populous States A-Z
1-10 Letter G Words
Risky Map Clicking: Next State Alphabetically
Adjectives in 80s TV Shows
The Seven Year Switch: Catherine
Recently Updated
Leaping Animals
pecheneg
Reality TV Shows (A-Z)
bhenderson79
Rickey Henderson's Hall of Fame Teammates
pecheneg
Champions League XIs: Arsenal
pecheneg
Quick Pick: Celebrities in WWE's Hall of Fame
aduchscher
A-Z Keypad Blitz II
pecheneg
Multiple Oscar Actors
pecheneg
Mystery Phrase Blitz: Oscar 'Best Actors'
pecheneg
F. Scott Fitzgerald Novels
LTH
Pick 3 Villains
ddd62291
Trending Topics
Anime
Kpop
NBA
Disney
Crossword
Harry Potter
Marvel
Song
WWE
Pokémon
Soccer
Puzzle
Country
The Office
NFL
Your Account Isn't Verified!
In order to create a playlist on Sporcle, you need to verify the email address you used during registration. Go to your
Sporcle Settings
to finish the process.
Report this User
Report this user for behavior that violates our
Community Guidelines
.
Details:
Send Report
Go to the Sporcle.com Mobile Site →
Comments